Classifica Scarpa d'Oro 2002 - Statistics

Statistiche generali
  • Questo quiz è stato fatto 11 volte
  • Il punteggio medio è 8 su 16
Statistiche sulle risposte
Gol Coefficiente UEFA Punti Nazione Squadra Calciatore % Corretto
23 x2 46 Paesi Bassi Manchester United Ruud van Nistelrooy
100%
24 x2 48 Francia Arsenal Thierry Henry
100%
22 x2 44 Italia Inter Christian Vieri
90%
24 x2 48 Italia Piacenza Dario Hübner
90%
29 x1,5 43,5 Svezia Celtic Henrik Larsson
90%
23 x2 46 Inghilterra Newcastle Utd Alan Shearer
70%
21 x2 42 Spagna Deportivo La Coruña Diego Tristán
40%
23 x2 46 Paesi Bassi Chelsea Jimmy Floyd Hasselbaink
40%
22 x2 44 Portogallo Bordeaux Pauleta
40%
24 x2 48 Italia Juventus David Trezeguet
30%
42 x1,5 63 Brasile Sporting Lisbona Jardel
30%
22 x2 44 Francia Auxerre Djibril Cissé
20%
28 x1,5 42 Uruguay Grasshoppers Richard Núñez
10%
30 x1,5 45 Belgio Genk Wesley Sonck
10%
47 x1 47 Galles Bangor City Marc Lloyd-Williams
0%
28 x1,5 42 Austria Grazer AK Ronald Brunmayr
0%
Nessun quiz corrispondente trovato
Distribuzione punteggi
Percentuale di utenti per punteggio
Percentile per numero di risposta
I tuoi punteggi nel tempo
Non hai fatto questo quiz